Zhodnotenie prvého programovacieho obdobia v oblasti čerpania finančných prostriedkov z Európskej únie bakalárska práca

Gespeichert in:
Bibliographische Detailangaben
1. Verfasser: Ondrášková, Katarína
Körperschaft: Národohospodárska fakulta EU. Katedra sociálneho rozvoja a práce
Weitere Verfasser: Poluchová, Ivana
Format: Buch
Sprache:Slowakisch
Veröffentlicht: Bratislava 2011
Tags: Tag hinzufügen
Keine Tags, Fügen Sie das erste Tag hinzu!

MARC

LEADER 00000nbm a2200000 4500
001 0139607
005 20161109111633.2
041 0 |a slo 
044 |a SK 
245 1 0 |a Zhodnotenie prvého programovacieho obdobia v oblasti čerpania finančných prostriedkov z Európskej únie  |b bakalárska práca  |c Katarína Ondrášková ; školiteľ: Ivana Poluchová 
264 1 |a Bratislava  |c 2011 
300 |a 47 s. 
100 1 |a Ondrášková, Katarína 
700 1 |a Poluchová, Ivana 
710 2 |a Národohospodárska fakulta EU. Katedra sociálneho rozvoja a práce